000 00564nam a2200205Ia 4500
005 20250508164700.0
008 008 250505s9999 xx 000 0 hin d
020 _a81-8129-187-5
037 _aTextual
040 _aFEDL
_beng
_cFEDL
041 _ahin
_2eng
084 _a891.433, DUB
_qFEDL
100 _aDubey Amarendra Kumar
_9400459
245 0 _aDevsthan aur anya kahaniyan
260 _aNew Delhi, India
_bNaman Prakashan
_c2009
300 _a181p.
365 _aINR
_b250
942 _cTEXL
_h891.433, DUB
999 _c1390524
_d1390524